Movies Quiz

Random Movies or Actor Quiz

Top 10 Box Office Stars (1970s) Quiz Stats

 Plays Quiz Updated Dec 20, 2011

Challenge
Share
Tweet
Embed
Score 0/100 Timer 10:00
7 Plays Today
% Correct
Al Pacino
82.5%
Al Pacino
82.5%
Al Pacino
82.5%
Al Pacino
82.5%
Paul Newman
82.1%
Paul Newman
82.1%
Paul Newman
82.1%
Paul Newman
82.1%
Paul Newman
82.1%
Paul Newman
82.1%
Robert Redford
81.9%
Robert Redford
81.9%
Robert Redford
81.9%
Robert Redford
81.9%
Robert Redford
81.9%
Robert De Niro
80.4%
Marlon Brando
77.2%
Marlon Brando
77.2%
Dustin Hoffman
76.8%
Dustin Hoffman
76.8%
Dustin Hoffman
76.8%
Dustin Hoffman
76.8%
Clint Eastwood
74.4%
Clint Eastwood
74.4%
Clint Eastwood
74.4%
Clint Eastwood
74.4%
Clint Eastwood
74.4%
Clint Eastwood
74.4%
Clint Eastwood
74.4%
Clint Eastwood
74.4%
Clint Eastwood
74.4%
Clint Eastwood
74.4%
Jack Nicholson
69.1%
Jack Nicholson
69.1%
% Correct
Steve McQueen
66.9%
Steve McQueen
66.9%
Steve McQueen
66.9%
Steve McQueen
66.9%
Steve McQueen
66.9%
Steve McQueen
66.9%
Burt Reynolds
65.8%
Burt Reynolds
65.8%
Burt Reynolds
65.8%
Burt Reynolds
65.8%
Burt Reynolds
65.8%
Burt Reynolds
65.8%
Burt Reynolds
65.8%
Jane Fonda
65%
Jane Fonda
65%
Sylvester Stallone
62.8%
Sylvester Stallone
62.8%
John Wayne
61.2%
John Wayne
61.2%
John Wayne
61.2%
John Wayne
61.2%
John Wayne
61.2%
Gene Hackman
58.4%
Gene Hackman
58.4%
Woody Allen
56.6%
Woody Allen
56.6%
Woody Allen
56.6%
Woody Allen
56.6%
Woody Allen
56.6%
Sean Connery
56.4%
Barbra Streisand
54.4%
Barbra Streisand
54.4%
Barbra Streisand
54.4%
Barbra Streisand
54.4%
% Correct
Barbra Streisand
54.4%
Barbra Streisand
54.4%
Barbra Streisand
54.4%
Barbra Streisand
54.4%
John Travolta
52.3%
John Travolta
52.3%
Diane Keaton
51.3%
Diane Keaton
51.3%
Roger Moore
51.2%
Warren Beatty
48.2%
Richard Dreyfuss
47.9%
Jack Lemmon
43.2%
Ryan O'Neal
40.1%
Tatum O'Neal
38.5%
George C. Scott
38.1%
George C. Scott
38.1%
Walter Matthau
37.7%
Walter Matthau
37.7%
Goldie Hawn
36.7%
Charles Bronson
36.2%
Charles Bronson
36.2%
Charles Bronson
36.2%
Charles Bronson
36.2%
Mel Brooks
33.7%
Mel Brooks
33.7%
Mel Brooks
33.7%
Lee Marvin
28.8%
Lee Marvin
28.8%
Peter Sellers
27.8%
Elliott Gould
27%
Ali MacGraw
25.4%
Jill Clayburgh
20.9%

You're not logged in!

Compare scores with friends on all Sporcle quizzes.
OR
Log In

You Might Also Like...

Show Comments

Extras

Top Quizzes Today


Score Distribution

Your Account Isn't Verified!

In order to create a playlist on Sporcle, you need to verify the email address you used during registration. Go to your Sporcle Settings to finish the process.

Report this User

Report this user for behavior that violates our Community Guidelines.

Details: